1669 1579 1718 1788 1036 1189 1893 1490 1501 1052 1162 1025 1218 1782 1865 1169 1207 1550 1858 1680 1204 1930 1066 1194 1368 1441 1941 1948 1767 1814 1680 1165 1731 1813 1052 1482 1362 1353 1832 1996 1795 1730 1903 1894 1407 1301 1690 1975 1182 1008 1280 1492 1903 1069 1392 1935 1501 1923 1343 1072 1523 1838 1841 1634 1600 1258 1133 1521 1594 1771 1655 1173 1370 1559 1912 1464 1005 1647 1114 1870 1923 1593 1877 1092 1705 1458 1568 1515 1728 1652 1705 1073 1417 1557 1001 1245 1553 1981 1953 BCNSPRNW ULIB Ver.6.0+V

เปลี่ยนเป็นภาษาไทย

Change to English
 แสดงรายละเอียดบรรณานุกรม
  กลับหน้าหลัก

Brief Record : Get Marc (ISO 2709) : E-mail record : QR code < ปิดหน้าต่าง
LEADER : 00000nam 2200000uu 4500
001    13399111379
003     ULIB
008    110623s||||||||th 000 0 tha d
020    9746132288 (ล.1)
050  4 BL2075^bส719อ ล.1 2548
110 2  มหาวิทยาลัยสุโขทัยธรรมาธิราช
245 10 ความเชื่อและศาสนาในสังคมไทย หน่วยที่1-7=^bBeliefs and religions in Thai society /^cมหาวิทยาลัยสุโขทัยธรรมาธิราช
246 31 Beliefs and religions in Thai society
250    พิมพ์ครั้งที่ 1
260    นนทบุรี :^bสำนักพิมพ์มหาวิทยาลัยสุโขทัยธรรมาธิราช,^c2533
300    2 ล. ;^c30 ซม.
500    เอกสารการสอนชุดวิชา 12304 หน่วยที่ 1-7, 8-15 -- หน้าปกใน
650  7 ความเชื่อ
650  7 ศาสนา^xไทย
650  7 ศาสนากับสังคม
945    ^p0^l0^i018585
995    ทศพร
999 ^a ใช้งานได้ทุกระบบ
รายการนี้ยังไม่มีแท็ก
คุณยังไม่ได้ล็อกอิน คุณสามารถมีกิจกรรมร่วมกับเว็บไซต์ได้ แต่ต้องล็อกอินก่อน ::
  ล็อกอิน

รายการสื่อสารสนเทศ

ลำดับที่ ประเภท เลขเรียก/บาร์โค้ด สถานที่ สถานะ
- ไม่พบข้อมูล -

รายการใกล้เคียง
    หัวเรื่อง [ความเชื่อ]
    หัวเรื่อง [ศาสนากับสังคม]

BibComment


ยังไม่เคยถูกคอมเมนท์

คอมเมนท์ทรัพยากรรายการนี้
  คอมเมนท์: ความเชื่อและศาสนา..


 Copyright 2026. Bcnsprnw @Library